000 00310nam a22001457a 4500
008 210521b ||||| |||| 00| 0 eng d
020 _a753849085096
041 _aeng
080 _a616.8
082 _a616.8
100 _a7
101 _aTRU
245 _aThe Forebrain
_cElizabeth Tully
942 _2udc
_cBK
999 _c57567
_d57567